000 00602nam a22002177a 4500
003 UA-OsUOA
001 88135
007 ta
008 20121001b un ||||| |||| 00| 0 ukr d
090 _a821.161.2
_bП41
942 _cBK
040 _aUA-OsUOA
_bukr
_cUA-OsUOA
_dUA-OsUOA
245 _aПоети Канади
_cУпоряд. Кравчук П.
300 _a212 с.
955 _a3
041 _aukr
080 _a821.161.2
260 _aК.
_bРадянський письменник
_c1958
650 7 _a82 Література. Літературознавство
_2UDC
999 _c374523
_d374523